Wielka Brytania Miasta - Quiz na mapie - Statystyki

Ogólne statystyki
  • Ten quiz został rozwiązany 2 219 razy
  • Średni wynik to 9 z 21
Odpowiedzi na mapie
Odpowiedzi zakodowano w zielono-czerwonej skali na mapie do tego quizu, zgodnie z poniższymi procentami.
 
Statystyki odpowiedzi
Odpowiedź % Poprawnych
Londyn
87%
Manchester
61%
Cardiff
58%
Glasgow
57%
Liverpool
57%
Belfast
55%
Edynburg
52%
Plymouth
45%
Newcastle
44%
Dover
43%
Birmingham
41%
Aberdeen
40%
Oxford
39%
Bristol
35%
Brighton
31%
Norwich
31%
Kirkwall
29%
Londonderry / Derry
29%
York
29%
Douglas
26%
Inverness
25%
Nie znaleziono quizów pasujących do podanych kryteriów
Rozkład punktacji
Procent ludzi z każdym wynikiem
Percentyl według liczby udzielonych odpowiedzi
Twoja historia wyników
Nie rozwiązałeś tego quizu